00000000nam 2200000zi 4500
0019.947321
003CaOODSP
00520250303103444
006m     o  d f      
007cr |n|||||||||
008250123s1955    oncad   ob   f000 0 eng d
040 |aCaOODSP|beng|erda|cCaOODSP
043 |an-cn---
0861 |aA52-272/1955E-PDF
0861 |zA51-50E-PDF
1001 |aDavis, M. B., |eauthor.
24510|aHorticulture Division, Central Experimental Farm, Ottawa : |bprogress report, 1949-1953 / |cM. B. Davis.
24616|aHorticulture Division, Experimental Farms Service : |bprogress report—1949-1953
264 1|aOttawa, Canada : |bMinister of Agriculture, |c[1955]
300 |a1 online resource (205 pages, 2 unnumbered pages) : |billustrations, charts
336 |atext|btxt|2rdacontent
337 |acomputer|bc|2rdamedia
338 |aonline resource|bcr|2rdacarrier
500 |aDigitized edition from print [provided by Agriculture and Agri-Food Canada].
504 |aIncludes bibliographical references.
61015|aCanada. |bDivision of Horticulture.
61015|aCanada. |bDivision de l'horticulture.
650 0|aHorticulture|xResearch|zCanada.
650 6|aHorticulture|xRecherche|zCanada.
7101 |aCanada. |bDivision of Horticulture, |eissuing body.
7101 |aCanada. |bExperimental Farms Service, |eissuing body.
85640|qPDF|s33.20 MB|uhttps://publications.gc.ca/collections/collection_2024/aac-aafc/A51-50-1949-eng.pdf